000 00974nam a22002417a 4500
001 113512
003 DR-UNIBE
005 20250429095245.0
008 250429b2008 dr ||||| |||| 00| 0 spa d
020 _a9789993468974
040 _aBIBLIOTECA UNIBE
_cBIBLIOTECA UNIBE
_erda
041 _aspa
082 _aRD 345 C348j
100 _aCastellanos Vargas, Laura María
_eautor
_9194665
245 1 0 _aJurisdicción universal y crímenes de derecho internacional /
_cLaura María Castellanos Vargas
260 _aSanto Domingo :
_bEdiciones Jurídicas Trajano Potentini :
_bPontificia Universidad Católica Madre y Maestra (PUCMM),
_c2008
300 _a322 páginas
490 _aColección monografías
505 _aLos principios de la jurisdicción penal internacional | Las fuentes de la jurisdicción universal | El ejercicio de la jurisdicción universal |
650 7 _2lemb
_aDerecho
650 7 _2lemb
_aCrímenes
_xLegislación
_9194674
942 _2ddc
_cBK
999 _c113512
_d113512